000 00290nam a22001337a 4500
008 170309b xxu||||| |||| 00| 0 eng d
020 _a9780126569728
041 _aeng
080 _22ND
_a611
100 _a6
101 _aSHM
245 _aCELL PHYSIOLOGY
_cSPERELAKIS, N
942 _2udc
_cBK
999 _c7322
_d7322